000 01198cam a2200301 i 4500
003 SA-RiAUC
005 20240926141408.0
008 240919s1988 ua b g b 00000bara c
040 _aSA-RiAUC
_bara
_cSA-RiAUC
_erda
050 1 4 _b.67 .I2664 L3948 1988
050 4 _bJ37 1988
082 0 4 _a920.99
090 _a920.99
_bج ا س
100 1 _aجاسم، ليث سعود
_eمؤلف.
245 1 4 _aابن عبد البر الأندلسي وجهوده في التاريخ/
_cليث سعود جاسم.
250 _aالطبعة الثانية.
264 1 _aالمنصورة، مصر :
_bدار الوفاء للطباعة والنشر،
_c1988
300 _a531 صفحة :
_bخرائط ؛
_c24 سم
336 _aنص
_btxt
_2rdacontent
_3كتاب
337 _aبدون وسيط
_bn
_2rdamedia
338 _aمجلد
_bnc
_2rdacarrier
504 _aيشتمل على إرجاعات ببليوجرافية.
600 1 7 _aابن عبد البر، يوسف بن عبد الله بن محمد،
_d368-463 هجري
_2aucnm
650 7 _aالمؤرخون
_vتراجم
_2aucsh
942 _2ddc
_cBOOK
_n0
949 _aSA-JeALM
_d240919
_umohamedma123
_n1
999 _c570
_d570